College Quizbowl Stats
College Quizbowl Stats
Circuits
Seasons
Sets
Records
Detailed Stats
About
Loading...
Overflow
Tossups
Bonuses
Players
Teams
Categories (Tossup)
Categories (Bonus)
Owen Ashbrook
Iowa A
Categories
Category
Powers
Gets
Negs
BBs
Points
Earliest Buzz
Avg. Buzz
First Buzzes
Top 3 Buzzes
Mythology
0
4
1
3
35
81
112.50
1
3
Literature - World Literature
0
2
0
0
20
71
74.00
1
2
Science - Biology
0
2
1
0
15
44
66.00
1
2
Fine Arts - Other Fine Arts
0
1
0
0
10
91
91.00
1
1
Literature - British Literature
0
0
1
0
-5
0.00
0
0
Buzzes
Category
Answer
Value
Buzz Position
Science - Biology
wolves
10
44
Science - Biology
starfish
-5
64
Literature - World Literature
A Thousand Splendid Suns
10
71
Literature - World Literature
musical instruments
10
77
Mythology
seas
10
81
Science - Biology
forests
10
88
Mythology
Taliesin
-5
89
Fine Arts - Other Fine Arts
Akira
10
91
Mythology
rainbows
10
108
Literature - British Literature
William Wordsworth
-5
115
Previous
1
2
Next